000 00330cam a22001217a 4500
008 180718b1947 xxu||||| |||| 00| 0 eng d
082 _aJ7 C811
100 _aCorbusier, Le
245 _aCity of tomorrow and its planning
_cby LE Corbusier
260 _aLondon
_bArchitectural
_c1947
300 _axv, 301p
650 _aCity Planning.
999 _c409408
_d409408